Метод и аппаратура ультразвукового инфракрасного контроля полимерных композиционных материалов: автореферат диссертации на соискание ученой степени кандидата технических наук; спец. 05.11.13

Podrobná bibliografie
Hlavní autor: Хорев В. С. Владимир Сергеевич
Korporativní autor: Национальный исследовательский Томский политехнический университет (ТПУ) Институт неразрушающего контроля (ИНК)
Další autoři: Вавилов В. П. Владимир Платонович (научный руководитель)
Shrnutí:Защита сост. 5.11.2013 г.
Jazyk:ruština
Vydáno: Томск, 2013
Témata:
Médium: Kniha
KOHA link:https://koha.lib.tpu.ru/cgi-bin/koha/opac-detail.pl?biblionumber=245895

MARC

LEADER 00000nam0a2200000 4500
001 245895
005 20240202121059.0
035 |a (RuTPU)RU\TPU\book\267333 
090 |a 245895 
100 |a 20131120d2013 k y0rusy50 ca 
101 0 |a rus 
102 |a RU 
105 |a a dm 001zy 
200 1 |a Метод и аппаратура ультразвукового инфракрасного контроля полимерных композиционных материалов  |e автореферат диссертации на соискание ученой степени кандидата технических наук  |e спец. 05.11.13  |f В. С. Хорев  |g Национальный исследовательский Томский политехнический университет (ТПУ), Институт неразрушающего контроля (ИНК) ; науч. рук. В. П. Вавилов 
210 |a Томск  |d 2013 
215 |a 19 с.  |c ил. 
300 |a Защита сост. 5.11.2013 г. 
320 |a Библиогр.: с. 19 (8 назв.). 
452 1 |0 (RuTPU)RU\TPU\book\264624  |t Метод и аппаратура ультразвукового инфракрасного контроля полимерных композиционных материалов  |o автореферат диссертации на соискание ученой степени кандидата технических наук  |o спец. 05.11.13  |f В. С. Хорев  |g Национальный исследовательский Томский политехнический университет (ТПУ) ; науч. рук. В. П. Вавилов  |c Томск  |d 2013  |a Хорев, Владимир Сергеевич 
606 1 |a Композиционные материалы полимерные  |2 stltpush  |3 (RuTPU)RU\TPU\subj\15051  |9 41349 
610 1 |a контроль 
610 1 |a физические основы 
610 1 |a ультразвуковая инфракрасная термография 
610 1 |a термомеханические эффекты 
610 1 |a моделирование 
610 1 |a экспериментальные исследования 
610 1 |a авторефераты диссертаций 
610 1 |a труды учёных ТПУ 
675 |a 620.22-419.8(04)  |v 3 
686 |a 05.11.13  |2 oksvnk 
700 1 |a Хорев  |b В. С.  |c специалист в области неразрушающего контроля  |c инженер Томского политехнического университета  |f 1987-  |g Владимир Сергеевич  |3 (RuTPU)RU\TPU\pers\30655 
702 1 |a Вавилов  |b В. П.  |c специалист в области неразрушающего контроля  |c профессор Томского политехнического университета, доктор технических наук  |f 1949-  |g Владимир Платонович  |3 (RuTPU)RU\TPU\pers\19772  |4 727  |9 7710 
712 0 2 |a Национальный исследовательский Томский политехнический университет (ТПУ)  |b Институт неразрушающего контроля (ИНК)  |3 (RuTPU)RU\TPU\col\17851 
801 1 |a RU  |b 63413507  |c 20131120 
801 2 |a RU  |b 63413507  |c 20140321  |g RCR 
942 |c BK